<?xml version="1.0" encoding="UTF-8"?>
<record
    xmlns:xsi="http://www.w3.org/2001/XMLSchema-instance"
    xsi:schemaLocation="http://www.loc.gov/MARC21/slim http://www.loc.gov/standards/marcxml/schema/MARC21slim.xsd"
    xmlns="http://www.loc.gov/MARC21/slim">

  <leader>01042nam a22001937a 4500</leader>
  <controlfield tag="001">9440</controlfield>
  <controlfield tag="003">FISKH</controlfield>
  <controlfield tag="005">20260108112255.0</controlfield>
  <controlfield tag="008">260108b        cb ||||| |||| 00| 0 eng d</controlfield>
  <datafield tag="040" ind1=" " ind2=" ">
    <subfield code="a">FISKH</subfield>
    <subfield code="b">eng</subfield>
    <subfield code="c">FISKH</subfield>
    <subfield code="d">FISKH</subfield>
  </datafield>
  <datafield tag="082" ind1=" " ind2=" ">
    <subfield code="a">956.05</subfield>
  </datafield>
  <datafield tag="100" ind1=" " ind2=" ">
    <subfield code="a">Anonymous</subfield>
  </datafield>
  <datafield tag="245" ind1=" " ind2=" ">
    <subfield code="a">Historical cutural heritage / </subfield>
    <subfield code="c">By Anonymous</subfield>
  </datafield>
  <datafield tag="260" ind1=" " ind2=" ">
    <subfield code="a">Phnom Penh : </subfield>
  </datafield>
  <datafield tag="300" ind1=" " ind2=" ">
    <subfield code="a">61 pages : </subfield>
    <subfield code="b">color illustrations , maps ;</subfield>
    <subfield code="c">21 cm . </subfield>
  </datafield>
  <datafield tag="520" ind1=" " ind2=" ">
    <subfield code="a">This book explores the rich history and cultural heritage of a region, country, or community. It highlights significant historical events, monuments, traditions, arts, and social customs that have shaped the identity of its people. Through detailed descriptions, photographs, and illustrations, the book aims to preserve knowledge of cultural legacies while educating readers about the importance of heritage conservation. It is designed for students, researchers, tourists, and anyone interested in understanding the past and cultural richness of a place.</subfield>
  </datafield>
  <datafield tag="942" ind1=" " ind2=" ">
    <subfield code="2">ddc</subfield>
    <subfield code="c">BK</subfield>
    <subfield code="n">0</subfield>
  </datafield>
  <datafield tag="999" ind1=" " ind2=" ">
    <subfield code="c">9440</subfield>
    <subfield code="d">9440</subfield>
  </datafield>
  <datafield tag="952" ind1=" " ind2=" ">
    <subfield code="0">0</subfield>
    <subfield code="1">0</subfield>
    <subfield code="2">ddc</subfield>
    <subfield code="4">0</subfield>
    <subfield code="7">0</subfield>
    <subfield code="8">REF</subfield>
    <subfield code="a">002</subfield>
    <subfield code="b">002</subfield>
    <subfield code="c">LSHTTP</subfield>
    <subfield code="d">2026-01-08</subfield>
    <subfield code="l">0</subfield>
    <subfield code="o">ANO 956.05</subfield>
    <subfield code="p">2026-0014</subfield>
    <subfield code="r">2026-01-08 11:22:52</subfield>
    <subfield code="w">2026-01-08</subfield>
    <subfield code="y">BK</subfield>
  </datafield>
</record>
